Normal view
MARC view
- Kilise yapıları
Entry Topical Term
001 - CONTROL NUMBER
- control field: 106974
003 - CONTROL NUMBER IDENTIFIER
- control field: TR-AnTOB
005 - DATE AND TIME OF LATEST TRANSACTION
- control field: 20240112085843.0
008 - FIXED-LENGTH DATA ELEMENTS
- fixed length control field: 130614|| azz||aabn | a|a d
035 ## - SYSTEM CONTROL NUMBER
- System control number: (TR-AnTOB)106974
040 ## - CATALOGING SOURCE
- Original cataloging agency: TR-AnTOB
- Transcribing agency: TR-AnTOB
- Subject heading/thesaurus conventions: etuturkob
150 ## - HEADING--TOPICAL TERM
- Topical term or geographic name entry element: Kilise yapıları
- Geographic subdivision: Türkiye
- Geographic subdivision: Diyarbakır
450 ## - SEE FROM TRACING--TOPICAL TERM
- Topical term or geographic name entry element: Kilise binaları
- Geographic subdivision: Türkiye
- Geographic subdivision: Diyarbakır
450 ## - SEE FROM TRACING--TOPICAL TERM
- Topical term or geographic name entry element: Church buildings
- Geographic subdivision: Turkey
- Geographic subdivision: Diyarbakır
688 ## - APPLICATION HISTORY NOTE
- Institution to which field applies: TR-AnTOB
- Application history note: Op 12.01.2024



